Suomen joukkue yleisurheilun EM-kisoihin 2022 - Statistics

Yleistilastot
  • Tätä visaa on pelattu 69 kertaa
    60 viimeisimmän päivityksen jälkeen
  • Keskiarvotulos 45 / 68
Vastaustilastot
Laji Nimi % Oikein
Seiväs Wilma Murto
98%
Kolmiloikka Kristiina Mäkelä
93%
Kolmiloikka Senni Salminen
93%
Keihäs Lassi Etelätalo
90%
Korkeus Ella Junnila
88%
110 m aj Elmo Lakka
88%
100 m aj Reetta Hurske
88%
Seiväs Saga Andersson
88%
Seiväs Elina Lampela
86%
400 m aj, 4x400 viesti Viivi Lehikoinen
86%
Moukari Aaron Kangas
83%
5000 m, 10000 m Camilla Richardsson
83%
Korkeus Heta Tuuri
83%
100 m, 4x100 viesti Samuli Samuelsson
83%
Moukari Silja Kosonen
83%
Korkeus Sini Lällä
83%
3000 m ej Topi Raitanen
83%
Maraton Alisa Vainio
81%
800 m Joonas Rinne
81%
Moukari Krista Tervo
81%
Pituus Kristian Pulli
81%
200 m, 4x100 viesti Samuel Purola
81%
Seiväs Urho Kujanpää
81%
Kolmiloikka Simo Lipsanen
79%
Kiekko Salla Sipponen
76%
Seiväs Tommi Holttinen
76%
800 m, 4x400 viesti Eveliina Määttänen
71%
400 m, 4x400 viesti Mette Baas
71%
7-ottelu Saga Vanninen
71%
800 m Sara Kuivisto
71%
Keihäs Toni Kuusela
71%
Kuula Eveliina Rouvali
69%
1500 m Nathalie Blomqvist
69%
Kuula Senja Mäkitörmä
69%
200 m, 4x100 viesti Anniina Kortetmaa
67%
Moukari Henri Liipola
67%
20 km kävely Jaakko Määttänen
67%
400 m aj, 4x400 viesti Kristiina Halonen
67%
4x100 viesti Oskari Lehtonen
67%
400 m aj Tuomas Lehtonen
67%
Moukari Tuomas Seppänen
67%
Seiväs Juho Alasaari
64%
Keihäs Toni Keränen
64%
Keihäs Anni-Linnea Alanen
60%
110 m aj Ilari Manninen
60%
110 m aj Santeri Kuusiniemi
60%
5000 m Ilona Mononen
57%
4x100 viesti, 4x400 viesti Aino Pulkkinen
55%
400 m, 4x400 viesti Milja Thureson
55%
Maraton Nina Chydenius
55%
Moukari Sara Killinen
55%
4x100 viesti Santeri Örn
52%
Keihäs Sanne Erkkola
50%
35 km kävely Aleksi Ojala
48%
Maraton Annemari Kiekara
45%
Maraton Arttu Vattulainen
45%
35 km kävely Elisa Neuvonen
43%
20 km kävely Enni Nurmi
43%
20 km kävely Joni Hava
43%
20 km kävely Jerry Jokinen
38%
4x100 viesti Anna Pursiainen
36%
4x100 viesti Eino Vuori
36%
4x100 viesti Johanna Kylmänen
36%
Maraton Suvi Miettinen
36%
4x100 viesti Niko Kangasoja
26%
4x400 viesti Veera Mattila
24%
4x100 viesti Jenna Kokkonen
21%
20 km kävely Venla Laiho
19%
Ehtoja vastaavia visoja ei löytynyt
Tulosjakauma
Jokaisen tuloksen saaneiden osuus
Persentiili vastausten määrän mukaan
Tuloshistoriasi
Et ole pelannut tätä visaa sen viimeisimmän päivityksen jälkeen